Statistics for The Flash (Arrowverse)

Click here to take the quiz!

General Stats

  • This quiz has been taken 74 times
    (71 since last reset)
  • The average score is 15 of 32

Answer Stats

Answer% Correct
Barry Allen/Flash
100%
Cisco Ramon/Vibe
96%
Caitlin Snow/Killer Frost
94%
Joe West
94%
Harrison Wells/Eobard Thawne/Reverse Flash
92%
Hunter Zolomon/Zoom
71%
Iris West-Allen
71%
Wally West/Kid Flash
69%
Savitar
63%
Nora West-Allen/XS
62%
Ralph Dibny/Elongated Man
60%
Harry Wells
50%
Clifford Devoe/The Thinker
46%
H.R. Wells
46%
Cicada
44%
Eddie Thawne
40%
Henry Allen
40%
Leonard Snart/ Captain Cold
40%
MIck Rory/ Heatwave
38%
Jay Garrick/ Earth 3 Flash
37%
Jesse Quick
35%
Nash wells
33%
Julian Albert
27%
Ramsey Rosso/ Bloodwork
27%
Patty Spivot
21%
Cynthia Reynolds/Gypsy
19%
Marlize Devoe/ The Tinkerer
17%
Grodd
15%
Harrison Sherloque Wells
10%
Joshua Reynolds/Breacher
10%
King Shark
10%
Tracy Brand
0%

Score Distribution

Percentile by Number Answered

Percent of People with Each Score

Your Score History

You have not taken this quiz since the last reset